LEADER 01028cam2 22002893 450 001 SOBE00055449 005 20190117123937.0 010 $a8828606436 100 $a20170511d2006 |||||ita|0103 ba 101 $aita 102 $aIT 200 1 $a<<2 A: >>Tarda antichità - Alto medioevo$fEva Cantarella$gGiulio Guidorizzi 205 $a3. ed 210 $aTorino$cEinaudi scuola$d2006 215 $aXI, 174 p.$cill.$d29 cm 461 1$1001E600200023791$12001 $aStoria antica e medievale / Eva Cantarella ; Giulio Guidorizzi 700 1$aCantarella$b, Eva$3AF00011403$4070$0144284 701 1$aGuidorizzi, Giulio$3AF00021747$4070$0143611 801 0$aIT$bUNISOB$c20190117$gRICA 850 $aUNISOB 852 $aUNISOB$j900|Sto$m132448 912 $aSOBE00055449 940 $aM 102 Monografia moderna SBN 941 $aM 957 $a900|Sto$b000049$i-2 A$gCON$d132448$racquisto$1bethb$2UNISOB$3UNISOB$420170511115559.0$520190117123937.0$6bethb 996 $aTarda antichità - Alto medioevo$91726279 997 $aUNISOB LEADER 01555nam1 22003613i 450 001 LO10052975 005 20231121125514.0 020 $aIT$bS8-497 100 $a20130215d1975 ||||0itac50 ba 101 | $aita 102 $ait 181 1$6z01$ai $bxxxe 182 1$6z01$an 200 1 $aScritti$fErrico Malatesta 210 $a[S.l.]$cedito a cura del Movimento anarchico italiano$d1975 215 $a3 v.$d19 cm 300 $aRist. anastatica dell' ed. di Ginevra del 1934-1936 463 1$1001LO10053035$12001 $a˜2: œUmanità nova e scritti vari, 1919-1923$fErrico Malatesta$v2 463 1$1001LO10053072$12001 $a˜3: œPensiero e volontà e ultimi scritti, 1924-1932$fErrico Malatesta$gprefazione di Luigi Fabbri$v3 463 1$1001UBO1627559$12001 $a˜1: œUmanità Nova, 1920-1922$fErrico Malatesta$gpresentazione di Gino Cerrito$gprefazione di Luigi Fabbri$v1 700 1$aMalatesta$b, Errico$3CFIV109231$4070$0174484 712 02$aMovimento anarchico italiano$3TO0V103014 790 1$aMalatesta$b, Enrique$3SBNV002486$zMalatesta, Errico 790 1$aMalatesta$b, Enrico$f <1853-1932>$3SBNV002487$zMalatesta, Errico 801 3$aIT$bIT-01$c20130215 850 $aIT-FR0017 899 $aBiblioteca umanistica Giorgio Aprea$bFR0017 912 $aLO10052975 950 1$aBiblioteca umanistica Giorgio Aprea$d 52DES 320 Mal. Scr. 1$d 52DES 320 Mal. Scr. 2$d 52DES 320 Mal. Scr. 3 967 $m3 977 $a 52 996 $aScritti$93607904 997 $aUNICAS